<?xml version="1.0" encoding="UTF-8"?>
<record
    xmlns:xsi="http://www.w3.org/2001/XMLSchema-instance"
    xsi:schemaLocation="http://www.loc.gov/MARC21/slim http://www.loc.gov/standards/marcxml/schema/MARC21slim.xsd"
    xmlns="http://www.loc.gov/MARC21/slim">

  <leader>01210cam a22003252u 4500</leader>
  <controlfield tag="001">60601</controlfield>
  <controlfield tag="003">SpMaBN</controlfield>
  <controlfield tag="005">20260225151831.0</controlfield>
  <controlfield tag="007">cr |n ||||||||</controlfield>
  <controlfield tag="008">230427s2020    sp |||||o|||||||| ||spa d</controlfield>
  <datafield tag="020" ind1=" " ind2=" ">
    <subfield code="a">9789584280442</subfield>
  </datafield>
  <datafield tag="040" ind1=" " ind2=" ">
    <subfield code="a">ES-BaLIB</subfield>
    <subfield code="b">spa</subfield>
    <subfield code="c">SpMaBN</subfield>
    <subfield code="d">SpMaBN</subfield>
    <subfield code="e">local</subfield>
  </datafield>
  <datafield tag="072" ind1=" " ind2="7">
    <subfield code="a">YFB</subfield>
    <subfield code="2">Thema</subfield>
  </datafield>
  <datafield tag="100" ind1="1" ind2=" ">
    <subfield code="a">Toro, Valentina</subfield>
    <subfield code="9">69234</subfield>
  </datafield>
  <datafield tag="245" ind1="1" ind2="0">
    <subfield code="a">Mi monstruo y yo</subfield>
  </datafield>
  <datafield tag="250" ind1=" " ind2=" ">
    <subfield code="a">1a. edici&#xF3;n</subfield>
  </datafield>
  <datafield tag="264" ind1=" " ind2="1">
    <subfield code="b">Planeta Junior Colombia,</subfield>
    <subfield code="c">2020</subfield>
  </datafield>
  <datafield tag="300" ind1=" " ind2=" ">
    <subfield code="a">1 recurso en l&#xED;nea</subfield>
  </datafield>
  <datafield tag="336" ind1=" " ind2=" ">
    <subfield code="a">Texto</subfield>
    <subfield code="2">rdacontent</subfield>
    <subfield code="b">txt</subfield>
  </datafield>
  <datafield tag="337" ind1=" " ind2=" ">
    <subfield code="a">computadora</subfield>
    <subfield code="2">rdamedia</subfield>
    <subfield code="b">n</subfield>
  </datafield>
  <datafield tag="338" ind1=" " ind2=" ">
    <subfield code="a">recurso en l&#xED;nea</subfield>
    <subfield code="2">rdacarrier</subfield>
    <subfield code="b">nc</subfield>
  </datafield>
  <datafield tag="347" ind1=" " ind2=" ">
    <subfield code="a">archivo de texto</subfield>
    <subfield code="b">EPUB</subfield>
    <subfield code="c">17,04 Mbytes</subfield>
  </datafield>
  <datafield tag="500" ind1=" " ind2=" ">
    <subfield code="a">Registro generado autom&#xE1;ticamente a partir de metadatos facilitados por Libranda</subfield>
  </datafield>
  <datafield tag="650" ind1=" " ind2=" ">
    <subfield code="2">LEMB</subfield>
  </datafield>
  <datafield tag="653" ind1=" " ind2=" ">
    <subfield code="a">Ficci&#xF3;n infantil / Ficci&#xF3;n juvenil: general, moderna y contempor&#xE1;nea</subfield>
  </datafield>
  <datafield tag="856" ind1="4" ind2="0">
    <subfield code="u">http://repositorio.dl-e.es/epub.vm?id=0000510402&amp;view=global&amp;lang=es</subfield>
    <subfield code="y">Acceso electr&#xF3;nico</subfield>
    <subfield code="z">Acceso y/o uso restringido, disponible s&#xF3;lo desde la Biblioteca Nacional de Espa&#xF1;a y los centros de conservaci&#xF3;n</subfield>
  </datafield>
  <datafield tag="901" ind1=" " ind2=" ">
    <subfield code="a">Libranda 2021</subfield>
    <subfield code="a">Dep&#xF3;sito legal electr&#xF3;nico</subfield>
  </datafield>
  <datafield tag="942" ind1=" " ind2=" ">
    <subfield code="2">ddc</subfield>
    <subfield code="c">BK</subfield>
  </datafield>
  <datafield tag="956" ind1=" " ind2=" ">
    <subfield code="a">1</subfield>
  </datafield>
  <datafield tag="999" ind1=" " ind2=" ">
    <subfield code="c">60601</subfield>
    <subfield code="d">60601</subfield>
  </datafield>
</record>
